000
00220nam a22000857a 4500
008
170620b xxu||||| |||| 00| 0 eng d
100
_9
3554
_a
Goel D. K
245
_a
Accountancy solution XII-A
260
_a
New Delhi
_b
A. P
_c
2009
999
_c
6938
_d
6938